| 000 | 00337nam a22001217a 4500 | ||
|---|---|---|---|
| 082 |
_a388.1 _bNAT _cD |
||
| 110 |
_aHighway Research Board _938228 |
||
| 245 | _aRelocation of Public Utilities Due to Highway Improvemetn | ||
| 260 | _aWashington | ||
| 300 |
_a203p,: _bill,; |
||
| 526 |
_a0 _b0 _c0 _d388_100000000000000_NAT |
||
| 942 |
_2ddc _cBK |
||
| 999 |
_c543125 _d543125 |
||